000
00240nam a2200097Ia 4500
001
660722
005
20250826160119.0
008
250824s9999 xx 000 0 und d
245
0
_a
2 Öf Berbat Kokuyor
_c
R. L. Stine
260
_b
BEYAZ BALİNA
999
_c
660722
_d
660722